Ritual of the United Spanish War Veterans.

Bibliographic Details
Corporate Author: United Spanish War Veterans
Format: Book
Language:English
Published: [Place of publication not identified] : [United Spanish War Veterans], [1937?]
Subjects:

MARC

Tag First Indicator Second Indicator Subfields
LEADER 00000cam a2200000 a 4500
001 in00001158708
005 20151001064040.0
008 771107s1937 xx 000 0 eng d
035 |a (OCoLC)03398280 
035 |9 AGE0220AM 
040 |a MHR  |c MHR  |d TXA  |d UtOrBLW 
043 |a n-us--- 
049 |a TXAS [mil] 
090 |a E714.3  |b .U588 1937 
110 2 |a United Spanish War Veterans. 
245 1 0 |a Ritual of the United Spanish War Veterans. 
264 1 |a [Place of publication not identified] :  |b [United Spanish War Veterans],  |c [1937?] 
300 |a 84 pages ;  |c 16 cm. 
336 |a text  |b txt  |2 rdacontent 
337 |a unmediated  |b n  |2 rdamedia 
338 |a volume  |b nc  |2 rdacarrier 
500 |a "Adopted by the Ninth National Encampment, in stated convention assembled at Atlantic City, New Jersey, September 9, 10, 11, 1912, as amended by the Thirtieth National Encampment in stated convention assembled at Havana, Cuba, October 8-11, 1928." 
500 |a Cover title: Ritual, United Spanish War Veterans, 1937. 
610 2 0 |a United Spanish War Veterans. 
650 0 |a Spanish-American War, 1898  |x Societies, etc. 
740 0 |a Ritual, United Spanish War Veterans, 1937. 
999 |a MARS 
999 f f |s cf637a54-dce8-3979-9be5-84515eb1ef68  |i bb99a22a-ef35-3f04-9e2f-0e309e44d776  |t 0 
952 f f |p noncirc  |a Texas A&M University  |b College Station  |c Cushing Memorial Library & Archives  |d Cushing: Ragan Military (Does not check out)  |t 0  |e E714.3 .U588 1937  |h Library of Congress classification  |i unmediated -- volume 
998 f f |a E714.3 .U588 1937  |t 0  |l Cushing: Ragan Military (Does not check out)